000 00979nam0a22002291 4500
001 rc\4931214
005 20250612205433.0
035 _a(NLR Aleph) 008846094
090 _a8371958
_c8371958
100 _a20130426a19619999|||y0rusy50 ca
101 0 _arus
102 _aRU
105 _ay z |||||
200 1 _aРезультаты наблюдений американских искусственных спутников Земли
_eВып. 1-
_fИн-т теорет. астрономии АН СССР. Астрон. совет АН СССР
210 _aМосква
_cБ. и.
_d1961-
300 _aОтпеч. множит. аппаратом
801 0 _aRU
_bNLR
_gpsbo
801 1 _aRU
_bELAR
_2rusmarc
830 _aПеречень имеющихся в библиотеке томов, номеров, годов этого издания смотри в каталоге периодических изданий
852 _aNLR
_jП8/536
942 _cBOOK
980 _aNB